| 000 | 01516nam a2200361Ia 4500 | ||
|---|---|---|---|
| 001 | ebr10095121 | ||
| 003 | CaPaEBR | ||
| 006 | m u | ||
| 007 | cr cn||||||||| | ||
| 008 | 950907s1996 enkab sb 001 0 eng d | ||
| 010 | _z 95038906 | ||
| 020 | _z0203984293 | ||
| 020 | _z0415140579 (cloth) | ||
| 040 |
_aCaPaEBR _cCaPaEBR |
||
| 035 | _a(OCoLC)560373114 | ||
| 050 | 1 | 4 |
_aHG255 _b.C78 1996eb |
| 245 | 0 | 0 |
_aCurrency convertibility _h[electronic resource] : _bthe gold standard and beyond / _cedited by Jorge Braga de Macedo, Barry Eichengreen, and Jaime Reis. |
| 260 |
_aLondon ; _aNew York : _bRoutledge, _c1996. |
||
| 300 |
_axiv, 277 p. : _bill., maps. |
||
| 490 | 1 |
_aRoutledge explorations in economic history, _x1359-7892 ; _v3 |
|
| 504 | _aIncludes bibliographical references and index. | ||
| 533 |
_aElectronic reproduction. _bPalo Alto, Calif. : _cebrary, _d2011. _nAvailable via World Wide Web. _nAccess may be limited to ebrary affiliated libraries. |
||
| 650 | 0 |
_aMoney _xHistory _y20th century. |
|
| 650 | 0 |
_aCurrency convertibility _xHistory _y20th century. |
|
| 650 | 0 |
_aGold standard _xHistory _y20th century. |
|
| 655 | 7 |
_aElectronic books. _2local |
|
| 700 | 1 | _aMacedo, Jorge Braga de. | |
| 700 | 1 | _aEichengreen, Barry J. | |
| 700 | 1 | _aReis, Jaime. | |
| 710 | 2 | _aebrary, Inc. | |
| 830 | 0 |
_aRoutledge explorations in economic history ; _v3. |
|
| 856 | 4 | 0 |
_uhttp://site.ebrary.com/lib/rucke/Doc?id=10095121 _zAn electronic book accessible through the World Wide Web; click to view |
| 999 |
_c194969 _d194969 |
||